A first course in linear algebra with applications (Record no. 4430)
[ view plain ]
| 000 -LEADER | |
|---|---|
| fixed length control field | 00838 a2200229 4500 |
| 020 ## - INTERNATIONAL STANDARD BOOK NUMBER | |
| International Standard Book Number | 0125057601 |
| 040 ## - CATALOGING SOURCE | |
| Original cataloging agency | DLC |
| Language of cataloging | DLC |
| 082 00 - DEWEY DECIMAL CLASSIFICATION NUMBER | |
| Classification number | 512.5 |
| 100 1# - MAIN ENTRY--PERSONAL NAME | |
| Personal name | Moore, Hal G., |
| 245 12 - TITLE STATEMENT | |
| Title | A first course in linear algebra with applications |
| Statement of responsibility, etc. | Hal G. Moore, Adil Yaqub. |
| 246 30 - VARYING FORM OF TITLE | |
| Title proper/short title | Linear algebra with applications |
| 250 ## - EDITION STATEMENT | |
| Edition statement | 3rd ed. |
| 260 ## - PUBLICATION, DISTRIBUTION, ETC. | |
| Place of publication, distribution, etc. | San Diego : |
| Name of publisher, distributor, etc. | Academic Press, |
| Date of publication, distribution, etc. | c1998. |
| 300 ## - PHYSICAL DESCRIPTION | |
| Extent | 1 v. (various pagings) : |
| Other physical details | ill. ; |
| Dimensions | 25 cm. |
| 500 ## - GENERAL NOTE | |
| General note | Rev. ed. of: A first course in linear algebra. 2nd ed. 1991. |
| 650 #0 - SUBJECT ADDED ENTRY--TOPICAL TERM | |
| Topical term or geographic name entry element | Algebras, Linear. |
| 700 1# - ADDED ENTRY--PERSONAL NAME | |
| Personal name | Yaqub, Adil, |
| Dates associated with a name | 1928- |
| 700 1# - ADDED ENTRY--PERSONAL NAME | |
| Personal name | Moore, Hal G., |
| Dates associated with a name | 1929- |
| 856 42 - ELECTRONIC LOCATION AND ACCESS | |
| Materials specified | Publisher description |
| Uniform Resource Identifier | <a href="http://www.loc.gov/catdir/description/els032/97046320.html">http://www.loc.gov/catdir/description/els032/97046320.html</a> |
| 856 42 - ELECTRONIC LOCATION AND ACCESS | |
| Materials specified | Table of contents |
| Uniform Resource Identifier | <a href="http://www.loc.gov/catdir/toc/els032/97046320.html">http://www.loc.gov/catdir/toc/els032/97046320.html</a> |
| 942 ## - ADDED ENTRY ELEMENTS (KOHA) | |
| Koha item type | Book |
| Call number prefix | 512.5 MOO |
| Source of classification or shelving scheme | |
| Withdrawn status | Lost status | Damaged status | Not for loan | Collection code | Permanent Location | Current Location | Shelving location | Date acquired | Source of acquisition | Cost, normal purchase price | Total Checkouts | Total Renewals | Full call number | Barcode | Date last seen | Date last checked out | Price effective from | Koha item type |
|---|---|---|---|---|---|---|---|---|---|---|---|---|---|---|---|---|---|---|
| Central Library (CL) | Central Library (CL) | General Stacks | 01/13/2004 | Progressive International Agencies | 4336.34 | 2 | 4 | 512.5 MOO | SEECS004111 | 05/25/2024 | 02/17/2024 | 01/05/2017 | Book |
